MARC details
| 000 -CABECERA |
| campo de control de longitud fija |
00951nam a2200241 a 4500 |
| 001 - NÚMERO DE CONTROL |
| campo de control |
000003315 |
| 005 - FECHA Y HORA DE LA ÚLTIMA TRANSACCIÓN |
| campo de control |
20250210113909.0 |
| 008 - DATOS DE LONGITUD FIJA--INFORMACIÓN GENERAL |
| campo de control de longitud fija |
090707s1998 dr r 000 0 spa d |
| 040 ## - FUENTE DE LA CATALOGACIÓN |
| Centro catalogador/agencia de origen |
DO-SdBNP |
| Lengua de catalogación |
spa |
| Centro/agencia transcriptor |
BNPHU |
| 082 ## - NÚMERO DE LA CLASIFICACIÓN DECIMAL DEWEY |
| Número de clasificación |
341 |
| Número de documento/Ítem |
A696m, 1998 |
| 100 1# - ENTRADA PRINCIPAL--NOMBRE DE PERSONA |
| Nombre de persona |
Arias, Luis, |
| Forma completa/desarrollada del nombre |
(Arias Núñez) |
| 9 (RLIN) |
9356 |
| 245 10 - MENCIÓN DE TÍTULO |
| Título |
Manual de derecho internacional privado / |
| Mención de responsabilidad, etc. |
Luis Arias Núñez ; prólogo Bienvenido Mejía Mejía. |
| 250 ## - MENCIÓN DE EDICIÓN |
| Mención de edición |
3a ed. |
| 260 ## - PUBLICACIÓN, DISTRIBUCIÓN, ETC. |
| Lugar de publicación, distribución, etc. |
Santo Domingo : |
| Nombre del editor, distribuidor, etc. |
Centenario, |
| Fecha de publicación, distribución, etc. |
1998. |
| 300 ## - DESCRIPCIÓN FÍSICA |
| Extensión |
520 p. ; |
| Dimensiones |
23 cm. |
| 500 ## - NOTA GENERAL |
| Nota general |
Incluye datos bigráficos del autor |
| 504 ## - NOTA DE BIBLIOGRAFÍA, ETC. |
| Nota de bibliografía, etc. |
Incluye referencias bibliográficas y notas al pie de las páginas |
| 650 #4 - PUNTO DE ACCESO ADICIONAL DE MATERIA--TÉRMINO DE MATERIA |
| Término de materia o nombre geográfico como elemento de entrada |
Derecho internacional |
| Subdivisión de forma |
MANUALES |
| 9 (RLIN) |
10411 |
| 650 #4 - PUNTO DE ACCESO ADICIONAL DE MATERIA--TÉRMINO DE MATERIA |
| Término de materia o nombre geográfico como elemento de entrada |
Derecho internacional privado |
| Subdivisión geográfica |
Repúblia Dominicana |
| 9 (RLIN) |
10412 |
| 650 #4 - PUNTO DE ACCESO ADICIONAL DE MATERIA--TÉRMINO DE MATERIA |
| Término de materia o nombre geográfico como elemento de entrada |
Derecho internacional privado |
| Subdivisión de forma |
MANUALES |
| 9 (RLIN) |
10413 |
| 650 #4 - PUNTO DE ACCESO ADICIONAL DE MATERIA--TÉRMINO DE MATERIA |
| Término de materia o nombre geográfico como elemento de entrada |
Derecho internacional privado |
| Subdivisión general |
Teorías |
| 9 (RLIN) |
10414 |
| 700 1# - PUNTO DE ACCESO ADICIONAL--NOMBRE DE PERSONA |
| Nombre de persona |
Mejía Mejía, Bienvenido, |
| Término indicativo de función/relación |
pról. |
| 9 (RLIN) |
10415 |